Komparácia vybraného prvku podnikateľského prostredia v konkrétnej krajine Európskej únie a v SR diplomová práca

Saved in:
Bibliographic Details
Main Author: Kraváriková, Lucia
Corporate Author: Fakulta podnikového manažmentu EU. Katedra podnikovohospodárska
Other Authors: Šúbertová, Elena
Format: Book
Language:Slovak
Published: Bratislava 2013
Tags: Add Tag
No Tags, Be the first to tag this record!

MARC

LEADER 00000nbm a2200000 4500
001 0170925
005 20161109102419.2
041 0 |a slo 
044 |a SK 
245 1 0 |a Komparácia vybraného prvku podnikateľského prostredia v konkrétnej krajine Európskej únie a v SR  |b diplomová práca  |c Lucia Kraváriková ; školiteľ: Elena Šúbertová 
264 1 |a Bratislava  |c 2013 
300 |a 63 s. 
100 1 |a Kraváriková, Lucia 
700 1 |a Šúbertová, Elena 
710 2 |a Fakulta podnikového manažmentu EU. Katedra podnikovohospodárska